[Event "3rd Lublin GM"]
[Site "Lublin POL"]
[Date "2011.05.17"]
[Round "3"]
[White "Alekseev, Evgeny"]
[Black "Socko, Bartosz"]
[Result "1/2-1/2"]
[WhiteTitle "GM"]
[BlackTitle "GM"]
[WhiteElo "2673"]
[BlackElo "2654"]
[WhiteFideId "4138147"]
[BlackFideId "1107038"]
[EventDate "2011.05.15"]

1. e4 e6 2. d4 d5 3. Nc3 Bb4 4. exd5 exd5 5. Bd3 Nc6 6. Ne2 Nge7 7. O-O Bf5 8.
Be3 Qd7 9. a3 Bxc3 10. Nxc3 Bxd3 11. Qxd3 O-O 12. f3 Rae8 13. Rfe1 Nd8 14. Bf2
Ng6 15. Qd2 c6 16. Rad1 Qf5 17. Ne2 h6 18. Ng3 Qd7 19. Nh5 Qf5 20. Ng3 Qd7 21.
Nh5 Qf5 22. Ng3 1/2-1/2